The evolving role of Central Banks: papers presented at the Fifth Seminar on Central Banking, Washington, D.C., November 5-15, 1990 (Record no. 62917)

MARC details
000 -LEADER
fixed length control field 00870nam a2200181 a 4500
008 - FIXED-LENGTH DATA ELEMENTS--GENERAL INFORMATION
fixed length control field 120416s1991 ||||||||||||||||| || u
020 ## - INTERNATIONAL STANDARD BOOK NUMBER
International Standard Book Number 1557751854
050 ## - LIBRARY OF CONGRESS CALL NUMBER
Classification number IMF(02)
100 ## - MAIN ENTRY--PERSONAL NAME
Personal name Downes, Patrick
245 14 - TITLE STATEMENT
Title The evolving role of Central Banks: papers presented at the Fifth Seminar on Central Banking, Washington, D.C., November 5-15, 1990
Statement of responsibility, etc. edited by Patrick Downes
260 ## - PUBLICATION, DISTRIBUTION, ETC.
Place of publication, distribution, etc. Washington D.C
Name of publisher, distributor, etc. IMF
Date of publication, distribution, etc. 1991
300 ## - PHYSICAL DESCRIPTION
Extent xi, 458p. : ill.
350 ## -
-- 0.00
650 ## - SUBJECT ADDED ENTRY--TOPICAL TERM
Topical term or geographic name entry element BANKS AND BANKING, CENTRAL--CONGRESSES
700 ## - ADDED ENTRY--PERSONAL NAME
Personal name Vaez-Zadeh, Reza
995 ## -
-- SPECIAL COLLECTIONS
-- 0.00
-- 024387
-- CBU-MAIN LIBRARY (Kitwe)
-- 1
-- 28.50
-- IMF(02)1991/ 11A
-- 1
-- AVAILABLE
-- 024387
-- International Publications
995 ## -
-- SPECIAL COLLECTIONS
-- 0.00
-- 024816
-- CBU-MAIN LIBRARY (Kitwe)
-- 1
-- 0.00
-- IMF(02)1991/ 11B
-- 2
-- AVAILABLE
-- Apr 7, 2008
-- 024816
-- International Publications
999 ## -
-- 62917
-- 62917
Holdings
Withdrawn status Lost status Source of classification or shelving scheme Damaged status Not for loan Permanent Location Current Location Shelving location Date acquired Total Checkouts Full call number Barcode Date last seen Price effective from Koha item type
          CBU-MAIN LIBRARY, KITWE. CBU-MAIN LIBRARY, KITWE.   12/16/2022   IMF(02) 024387 12/16/2022 12/16/2022 MONOGRAPH
          CBU-MAIN LIBRARY, KITWE. CBU-MAIN LIBRARY, KITWE.   12/16/2022   IMF(02) 024816 12/16/2022 12/16/2022 MONOGRAPH